[Event "Cto de Aragon por Equipos Preferente"]
[Site "?"]
[Date "2020.02.08"]
[Round "3.63"]
[White "Muro Turon, Raul"]
[Black "Roche Simon, Manuel Angel"]
[Result "1-0"]
[WhiteElo "1843"]
[BlackElo "2030"]
[PlyCount "49"]
[EventDate "2020.??.??"]
[WhiteTeam "Tauste"]
[BlackTeam "Delicias"]

1. e4 c5 2. c3 d5 3. exd5 Qxd5 4. d4 Nc6 5. Nf3 Bf5 6. Nbd2 cxd4 7. Bc4 Qd7 8.
cxd4 e6 9. Qe2 O-O-O 10. Nb3 Bb4+ 11. Bd2 Bxd2+ 12. Qxd2 Qd6 13. Rc1 Kb8 14.
Qe3 Nge7 15. O-O Nb4 16. Nc5 b6 17. Ne4 Bxe4 18. Qxe4 Ng6 19. a3 Nd5 20. Rfd1
Nf6 21. Qc2 Rc8 22. Qa4 Rhd8 23. Ba6 Rc7 24. Ne5 Nxe5 25. dxe5 1-0

[Event "Cto de Aragon por Equipos Preferente"]
[Site "?"]
[Date "2020.02.08"]
[Round "3.64"]
[White "Llanes Luno, Pedro Alfredo"]
[Black "Carbonel Sanchez, Andres"]
[Result "1/2-1/2"]
[WhiteElo "2010"]
[BlackElo "1825"]
[PlyCount "114"]
[EventDate "2020.??.??"]
[WhiteTeam "Delicias"]
[BlackTeam "Tauste"]

1. e4 c5 2. Nf3 Nc6 3. Nc3 e6 4. d4 cxd4 5. Nxd4 Nf6 6. Be3 Bb4 7. Bd3 d5 8.
exd5 Nxd5 9. Nxc6 bxc6 10. Qg4 Bxc3+ 11. bxc3 Nxe3 12. Qxg7 Nxg2+ 13. Qxg2 Qd5
14. Rg1 Qxg2 15. Rxg2 Rb8 16. Be4 Rb6 17. a4 a5 18. Kd2 Ba6 19. Rag1 Ke7 20.
Rg7 Bc4 21. Rxh7 Rxh7 22. Bxh7 e5 23. h4 c5 24. Bd3 Bd5 25. Rg5 Rh6 26. Rxe5+
Kd6 27. f4 Rxh4 28. c4 Be6 29. Ke3 f6 30. Re4 Rh1 31. Kd2 Ra1 32. Re2 Rxa4 33.
Kc3 Ra1 34. Kb2 Rg1 35. Ka3 Bd7 36. Rh2 Rg4 37. Rf2 Rg3 38. Kb2 Bg4 39. Rf1 Rf3
40. Rxf3 Bxf3 41. Bf5 Bc6 42. Ka3 Ke7 43. Kb3 Kf7 44. Kc3 Kg7 45. Be6 Kg6 46.
Bg4 Kf7 47. Kb3 Ke7 48. Kc3 Kd6 49. Kb3 Kc7 50. Kc3 Be4 51. Kb3 Kb6 52. Kc3 a4
53. Kb2 Ka5 54. c3 Bd3 55. Be6 Be2 56. Ka3 Bd1 57. Bd7 Bc2 1/2-1/2

[Event "Cto de Aragon por Equipos Preferente"]
[Site "?"]
[Date "2020.02.08"]
[Round "3.65"]
[White "Mombiela De Sus, Jose Luis"]
[Black "Planas Torrea, Francisco Javier"]
[Result "0-1"]
[WhiteElo "1933"]
[BlackElo "2079"]
[PlyCount "48"]
[EventDate "2020.??.??"]
[WhiteTeam "Las Fuentes B"]
[BlackTeam "Ejea"]

1. f4 e5 2. fxe5 d6 3. exd6 Bxd6 4. Nf3 Nf6 5. Nc3 c6 6. e3 Bg4 7. b3 Qc7 8.
Bc4 Bxh2 9. Rxh2 Bxf3 10. Qxf3 Qxh2 11. Ba3 Qh1+ 12. Kf2 Qh4+ 13. Kg1 Nbd7 14.
Bd6 Nb6 15. Ba6 bxa6 16. Qxc6+ Nfd7 17. Ne4 Rc8 18. Qb7 f5 19. Ng3 Qf6 20. Rf1
Qxd6 21. Nxf5 Qc6 22. Nxg7+ Kd8 23. Qxa6 Rf8 24. Nf5 Qxc2 0-1

[Event "Cto de Aragon por Equipos Preferente"]
[Site "?"]
[Date "2020.02.08"]
[Round "3.66"]
[White "Planas Torrea, Alberto"]
[Black "Javierre Conesa, Alfonso"]
[Result "1/2-1/2"]
[WhiteElo "1910"]
[BlackElo "1867"]
[PlyCount "59"]
[EventDate "2020.??.??"]
[WhiteTeam "Ejea"]
[BlackTeam "Las Fuentes B"]

1. e4 c5 2. Nf3 g6 3. d4 cxd4 4. Nxd4 Bg7 5. Nc3 Nc6 6. Be3 d6 7. Be2 Nf6 8. f3
a6 9. Qd2 O-O 10. O-O Qc7 11. Rfd1 b5 12. a3 Bb7 13. Rac1 Rac8 14. Kh1 Rfd8 15.
g4 e6 16. Qe1 d5 17. g5 Ne8 18. exd5 exd5 19. Qf2 Qe7 20. Bf1 Nxd4 21. Bxd4
Bxd4 22. Rxd4 Qxg5 23. Rcd1 Nc7 24. Bh3 Ne6 25. Rg4 Qf6 26. Rh4 Rc4 27. Rxc4
bxc4 28. Qb6 Qe7 29. Bxe6 fxe6 30. Ne4 1/2-1/2

[Event "Cto de Aragon por Equipos Preferente"]
[Site "?"]
[Date "2020.02.08"]
[Round "3.68"]
[White "Galvez Longas, Isaac"]
[Black "Edeso Perez, Francisco"]
[Result "1/2-1/2"]
[WhiteElo "1688"]
[BlackElo "1786"]
[PlyCount "99"]
[EventDate "2020.??.??"]
[WhiteTeam "Ejea"]
[BlackTeam "Las Fuentes B"]

1. d4 d5 2. Bf4 c5 3. dxc5 Qa5+ 4. Nd2 e6 5. c3 Qxc5 6. e3 a6 7. Ngf3 Nf6 8.
Bd3 Be7 9. Ne5 O-O 10. O-O Nc6 11. Nxc6 Qxc6 12. Nf3 b5 13. a3 Bb7 14. Ne5 Qc8
15. Bg5 Qd8 16. Qf3 Rc8 17. Qh3 g6 18. Qf3 Kg7 19. a4 Qc7 20. Bxf6+ Bxf6 21.
Ng4 Be7 22. Qf4 Qxf4 23. exf4 b4 24. cxb4 Bxb4 25. g3 Rc7 26. a5 Rfc8 27. Ra4
Bd6 28. Rb1 Rc1+ 29. Rxc1 Rxc1+ 30. Kg2 Rd1 31. Be2 Rd2 32. Bf3 Rxb2 33. Ne5
Rb3 34. Ra1 f6 35. Bd1 Rb5 36. Nd3 Bc7 37. Rc1 Bd8 38. Nc5 Bc8 39. Nb3 Rb8 40.
Rc6 Be7 41. Rc7 Kf8 42. Nd4 Bd8 43. Rxh7 Bxa5 44. Nc6 Kg8 45. Re7 Kf8 46. Nxa5
Kxe7 47. Nc6+ Kd6 48. Nxb8 Kc7 49. Nxa6+ Bxa6 50. Kf3 1/2-1/2

[Event "Cto de Aragon por Equipos Preferente"]
[Site "?"]
[Date "2020.02.08"]
[Round "3.69"]
[White "Carruez Berges, Santiago"]
[Black "Garcia Andres, Daniel"]
[Result "1/2-1/2"]
[WhiteElo "1995"]
[BlackElo "2029"]
[PlyCount "109"]
[EventDate "2020.??.??"]
[WhiteTeam "Agrupacion C"]
[BlackTeam "St. Casablanca C"]

1. e4 e5 2. Nf3 Nc6 3. Bb5 a6 4. Ba4 Nf6 5. O-O Nxe4 6. d4 b5 7. Bb3 d5 8. dxe5
Be6 9. Be3 Be7 10. c3 O-O 11. Nbd2 Bg4 12. Qe1 Nxd2 13. Bxd2 Bc5 14. Bg5 Qd7
15. Rd1 d4 16. Qe4 Rae8 17. cxd4 Bxf3 18. gxf3 Bxd4 19. f4 Qg4+ 20. Qg2 Qxg2+
21. Kxg2 Bxb2 22. Rd7 Nd4 23. Be7 Rxe7 24. Rxe7 c5 25. Rb1 Ba3 26. Rd7 Ne2 27.
Ra7 c4 28. Rxa6 Nc3 29. Re1 Bb4 30. Bc2 Rb8 31. Kf3 g6 32. Rg1 Bc5 33. a3 Re8
34. Rc1 Nd5 35. Be4 Nc7 36. Rf6 Bxa3 37. Rb1 Ne6 38. Rxe6 Rxe6 39. Rxb5 c3 40.
Ke2 Kf8 41. Ra5 Bc1 42. f5 gxf5 43. Bxf5 Rc6 44. Kd1 Bd2 45. Ra4 Rc5 46. f4 f6
47. Bxh7 fxe5 48. fxe5 Rxe5 49. Be4 Rh5 50. Ra8+ Ke7 51. Ra7+ Kd6 52. Rh7 Bh6
53. Kc2 Ke5 54. Bd3 Rxh2+ 55. Kxc3 1/2-1/2

[Event "Cto de Aragon por Equipos Preferente"]
[Site "?"]
[Date "2020.02.08"]
[Round "3.70"]
[White "Cebollada Pacheco, Jesus Raul"]
[Black "Larrosa Poves, Jose Manuel"]
[Result "0-1"]
[WhiteElo "1971"]
[BlackElo "1894"]
[PlyCount "90"]
[EventDate "2020.??.??"]
[WhiteTeam "St. Casablanca C"]
[BlackTeam "Agrupacion C"]

1. e4 c5 2. Nf3 e6 3. d4 cxd4 4. Nxd4 Nf6 5. Nc3 Bb4 6. e5 Nd5 7. Qg4 g6 8. Qg3
a6 9. Bd2 Nxc3 10. bxc3 Be7 11. h4 h5 12. Bd3 Rg8 13. Be2 Rh8 14. Bd3 Rg8 15.
Nf3 Nc6 16. Bg5 d6 17. Bxe7 Kxe7 18. Rd1 Nxe5 19. Nxe5 dxe5 20. Qxe5 Qd5 21.
Qc7+ Bd7 22. Bxg6 Qc6 23. Qxc6 Bxc6 24. Bxh5 Rxg2 25. Rd3 Rxf2 26. Kxf2 Bxh1
27. Bf3 Bxf3 28. Rxf3 Rh8 29. Kg3 f5 30. c4 Rh7 31. Rb3 Kf6 32. c5 Rc7 33. Rc3
b6 34. c6 e5 35. a4 Ke6 36. h5 Kd5 37. Kh4 Kd4 38. Rd3+ Ke4 39. Rc3 Kf4 40. h6
e4 41. Kh5 e3 42. Kg6 e2 43. h7 e1=Q 44. h8=Q Qg1+ 45. Kf6 Qd4+ 0-1

[Event "Cto de Aragon por Equipos Preferente"]
[Site "?"]
[Date "2020.02.08"]
[Round "3.71"]
[White "Carruez Gracia, Eduardo"]
[Black "Pellicer Abella, Emilio"]
[Result "1-0"]
[WhiteElo "1885"]
[BlackElo "1808"]
[PlyCount "35"]
[EventDate "2020.??.??"]
[WhiteTeam "Agrupacion C"]
[BlackTeam "St. Casablanca C"]

1. e4 e5 2. Nf3 Nc6 3. d4 exd4 4. c3 d3 5. Qxd3 Bc5 6. g3 d6 7. Bg2 Bg4 8. Nbd2
Qd7 9. O-O O-O-O 10. b4 Bb6 11. Nc4 Nge7 12. a4 a6 13. Nxb6+ cxb6 14. Qc2 Kb8
15. Be3 Nc8 16. b5 Bxf3 17. bxc6 bxc6 18. Bxf3 1-0

[Event "Cto de Aragon por Equipos Preferente"]
[Site "?"]
[Date "2020.02.08"]
[Round "3.72"]
[White "Martinez Ramis, Rafael"]
[Black "Redolar Cortes, Angel"]
[Result "0-1"]
[WhiteElo "1377"]
[BlackElo "1732"]
[PlyCount "104"]
[EventDate "2020.??.??"]
[WhiteTeam "St. Casablanca C"]
[BlackTeam "Agrupacion C"]

1. c4 c5 2. g3 g6 3. Bg2 Bg7 4. d3 d6 5. Nc3 Nc6 6. Rb1 Bd7 7. Nf3 e5 8. O-O
Nge7 9. Nd2 O-O 10. Nde4 Be6 11. Nb5 Nc8 12. Bd2 a6 13. Nbc3 h6 14. Nd5 f5 15.
Nec3 Bxd5 16. Bxd5+ Kh7 17. e3 N8e7 18. Bg2 Rb8 19. a4 Qd7 20. Ne2 b5 21. axb5
axb5 22. cxb5 Rxb5 23. Nc3 Rb6 24. Na4 Rb5 25. Nc3 Rb6 26. Qa4 Rfb8 27. Bxc6
Qxc6 28. Qxc6 Nxc6 29. Na4 Rb3 30. Rfc1 Rxd3 31. Bc3 e4 32. Bxg7 Kxg7 33. Nc3
Rd2 34. b3 Nb4 35. Rd1 Rxd1+ 36. Rxd1 Nd3 37. Rb1 Kf6 38. Kf1 Ke5 39. Ke2 Rxb3
40. Rxb3 Nc1+ 41. Kd1 Nxb3 42. h4 g5 43. Ne2 d5 44. Kc2 Na5 45. Nc3 d4 46.
exd4+ cxd4 47. Nb5 gxh4 48. gxh4 Nc4 49. h5 Nb6 50. Na3 Kf4 51. Kd2 Nd5 52. Nc4
Nf6 0-1

[Event "Cto de Aragon por Equipos D. Honor"]
[Site "?"]
[Date "2020.02.15"]
[Round "4.1"]
[White "Forcen Esteban, Daniel"]
[Black "Dominguez Bujeda, Jesus"]
[Result "1-0"]
[WhiteElo "2548"]
[BlackElo "2079"]
[PlyCount "47"]
[EventDate "2020.01.25"]
[WhiteTeam "Jaime Casas"]
[BlackTeam "Teruel"]

1. e4 c5 2. Nf3 g6 3. c3 Nf6 4. e5 Nd5 5. d4 cxd4 6. Qxd4 Nc7 7. Bc4 Bg7 8. Qh4
h6 9. O-O Nc6 10. Re1 b5 11. Bb3 Bb7 12. Nbd2 Na5 13. Bc2 Ne6 14. Nd4 Nxd4 15.
cxd4 Rc8 16. Bd3 Qb6 17. Ne4 Bxe4 18. Qxe4 a6 19. b3 d5 20. exd6 Qxd6 21. Bf4
Qd7 22. Rad1 Rd8 23. Rc1 O-O 24. Bc7 1-0

[Event "Cto de Aragon por Equipos D. Honor"]
[Site "?"]
[Date "2020.02.15"]
[Round "4.2"]
[White "Martin Catalan, Juan Vicente"]
[Black "Gines Esteo, Pedro Antonio"]
[Result "0-1"]
[WhiteElo "1977"]
[BlackElo "2482"]
[PlyCount "68"]
[EventDate "2020.01.25"]
[WhiteTeam "Teruel"]
[BlackTeam "Jaime Casas"]

1. d4 f5 2. c4 Nf6 3. Nf3 g6 4. g3 b6 5. Bg2 Bb7 6. Nc3 e6 7. O-O Bg7 8. d5
exd5 9. cxd5 O-O 10. Be3 Na6 11. Rc1 Nc5 12. Bxc5 bxc5 13. d6 Rb8 14. Nb5 c6
15. Na3 Ba6 16. b3 Ne4 17. Nc4 Re8 18. Qc2 Qf6 19. Nh4 Nc3 20. e3 Bxc4 21. bxc4
Qxd6 22. Rfe1 Rb4 23. Bf1 Reb8 24. Qd3 Qxd3 25. Bxd3 Nxa2 26. Rc2 Rb2 27. Ree2
Rxc2 28. Rxc2 Nb4 29. Rd2 a5 30. Bb1 Rb7 31. Nf3 a4 32. Ne1 Bc3 33. Re2 a3 34.
Nd3 a2 0-1

[Event "Cto de Aragon por Equipos D. Honor"]
[Site "?"]
[Date "2020.02.15"]
[Round "4.3"]
[White "Ramiro Ovejero, Juan Luis"]
[Black "Arpa Pardos, Emilio"]
[Result "1-0"]
[WhiteElo "2348"]
[BlackElo "1907"]
[PlyCount "59"]
[EventDate "2020.01.25"]
[WhiteTeam "Jaime Casas"]
[BlackTeam "Teruel"]

1. e4 e5 2. Nf3 Nc6 3. Bb5 a6 4. Ba4 Nf6 5. O-O Be7 6. Re1 b5 7. Bb3 d6 8. c3
O-O 9. h3 Na5 10. Bc2 c5 11. d4 Bb7 12. Nbd2 Re8 13. d5 Bc8 14. b4 Nb7 15. a4
Bd7 16. axb5 cxb4 17. bxa6 bxc3 18. Nb3 Nc5 19. Nxc5 dxc5 20. Qd3 Qb6 21. Nxe5
Bb5 22. Qxc3 Bd6 23. Nc4 Nxd5 24. Nxb6 Nxc3 25. Nxa8 Rxa8 26. a7 Be5 27. Bb2
Ne2+ 28. Rxe2 Bxb2 29. Rb1 Kf8 30. Rxb2 1-0

[Event "Cto de Aragon por Equipos D. Honor"]
[Site "?"]
[Date "2020.02.15"]
[Round "4.4"]
[White "Palacios Herrero, Pablo"]
[Black "Luis Vitalla, Fernando"]
[Result "1/2-1/2"]
[WhiteElo "2221"]
[BlackElo "2115"]
[PlyCount "96"]
[EventDate "2020.01.25"]
[WhiteTeam "Palacio De Pioneros A"]
[BlackTeam "Atletismo Huesca"]

1. e4 e5 2. Nf3 Nc6 3. d4 exd4 4. Bc4 Bc5 5. O-O Nf6 6. e5 d5 7. Bb5 Ne4 8.
Nxd4 Bd7 9. Bxc6 bxc6 10. Be3 O-O 11. f3 Ng5 12. f4 Ne4 13. Nd2 Nxd2 14. Qxd2
Qe7 15. Rae1 Bb6 16. Nb3 Bf5 17. Qc3 Qd7 18. Nc5 Bxc5 19. Bxc5 Rfe8 20. Re3 Re6
21. Qd4 a6 22. Rg3 Rg6 23. Rxg6 Bxg6 24. Qf2 Qf5 25. c3 Re8 26. Qe2 Qd3 27.
Qxd3 Bxd3 28. Rd1 Bf5 29. Kf2 Rb8 30. Rd2 h5 31. Ke3 Kh7 32. Bb4 Kg6 33. Ba5
Rb7 34. Kd4 Bd7 35. Bb4 Kf5 36. Bf8 g6 37. Rf2 Be8 38. Be7 Rb8 39. Bg5 Bd7 40.
Re2 Ke6 41. h3 Rb5 42. b4 c5+ 43. bxc5 Ra5 44. Rb2 Ra4+ 45. Ke3 Bb5 46. Bh6
Re4+ 47. Kf3 Rc4 48. Rb3 Rxc5 1/2-1/2

[Event "Cto de Aragon por Equipos D. Honor"]
[Site "?"]
[Date "2020.02.15"]
[Round "4.5"]
[White "Gella Lopez, Angel"]
[Black "Romero Pallares, Daniel"]
[Result "0-1"]
[WhiteElo "2083"]
[BlackElo "2184"]
[PlyCount "112"]
[EventDate "2020.01.25"]
[WhiteTeam "Atletismo Huesca"]
[BlackTeam "Palacio De Pioneros A"]

1. d4 g6 2. Nf3 Bg7 3. c4 d6 4. e4 Bg4 5. Be2 e5 6. Be3 Bxf3 7. Bxf3 Nc6 8. d5
Nd4 9. Bxd4 exd4 10. Nd2 Ne7 11. O-O c5 12. Rb1 a5 13. Be2 O-O 14. Bd3 Qd7 15.
a3 a4 16. b4 axb3 17. Rxb3 Ra7 18. Qb1 g5 19. e5 Bxe5 20. Bxh7+ Kg7 21. Ne4 Qg4
22. Rh3 Rh8 23. Ng3 Bxg3 24. Rxg3 Qf4 25. Rf3 Qh4 26. Rh3 Qf4 27. Re1 Ng6 28.
Rf3 Qxf3 29. gxf3 Rxh7 30. Qb6 Ra6 31. Qxb7 Rxa3 32. Qb6 Rxf3 33. Qxd6 Rh4 34.
Qd8 Rg4+ 35. Kf1 Rgf4 36. Qxg5 Rxf2+ 37. Kg1 d3 38. Rd1 d2 39. Qh5 Rf5 40. Qg4
R5f4 41. Qh3 R4f3 42. Qg4 Rf4 43. Qh3 Re2 44. Qc3+ Rd4 45. Kf1 Rxh2 46. Kg1 Re2
47. Kf1 Rh2 48. Kg1 Re2 49. Kf1 Rh2 50. Kg1 Re2 51. Kf1 Nf4 52. Qg3+ Kf6 53.
Qh4+ Kf5 54. Qh7+ Kg4 55. Qxf7 Kf3 56. Qf5 Rde4 0-1

[Event "Cto de Aragon por Equipos D. Honor"]
[Site "?"]
[Date "2020.02.15"]
[Round "4.6"]
[White "Baquedano Coarasa, Pablo"]
[Black "Gella Bitrian, Diego"]
[Result "1-0"]
[WhiteElo "2163"]
[BlackElo "2068"]
[PlyCount "55"]
[EventDate "2020.01.25"]
[WhiteTeam "Palacio De Pioneros A"]
[BlackTeam "Atletismo Huesca"]

1. d4 Nf6 2. c4 g6 3. Nc3 Bg7 4. e4 d6 5. Nge2 O-O 6. Ng3 c5 7. d5 e6 8. Be2
Re8 9. O-O exd5 10. cxd5 a6 11. a4 Nbd7 12. Qc2 Qc7 13. Be3 h5 14. h3 Rb8 15.
Rfe1 Nf8 16. Nf1 Re7 17. Nd2 Bd7 18. a5 Rbe8 19. Bf4 Bc8 20. Nc4 Nxe4 21. Nxe4
Rxe4 22. Nxd6 Bf5 23. Nxe4 Qxf4 24. Bd3 Bd4 25. Nf6+ Bxf6 26. Rxe8 Be5 27. g3
Qf3 28. Bxf5 1-0

[Event "Cto de Aragon por Equipos D. Honor"]
[Site "?"]
[Date "2020.02.15"]
[Round "4.7"]
[White "Perez Puyal, Jose Joaquin"]
[Black "Dan, Teodor"]
[Result "1-0"]
[WhiteElo "1756"]
[BlackElo "2094"]
[PlyCount "81"]
[EventDate "2020.01.25"]
[WhiteTeam "Atletismo Huesca"]
[BlackTeam "Palacio De Pioneros A"]

1. d4 g6 2. Nf3 Bg7 3. Bf4 Nf6 4. e3 O-O 5. Be2 d6 6. h3 c5 7. c3 b6 8. O-O Bb7
9. Nbd2 Qd7 10. Bh2 Nc6 11. Rc1 Rac8 12. Ne1 Rfd8 13. Bf3 e5 14. d5 Ne7 15. e4
Ne8 16. c4 f5 17. Nd3 Nf6 18. Re1 Qe8 19. Kh1 Kh8 20. Rc3 h5 21. Ra3 Ra8 22. g4
hxg4 23. hxg4 f4 24. g5 Nh7 25. Rg1 Ng8 26. Qf1 Bf8 27. Qh3 Bc8 28. Bg4 Bxg4
29. Rxg4 Kg7 30. Nf3 Qd7 31. Bxf4 Re8 32. Nfxe5 dxe5 33. Nxe5 Qc8 34. Qh4 Bd6
35. Rh3 Bxe5 36. Bxe5+ Rxe5 37. Qxh7+ Kf8 38. Rf4+ Ke8 39. Qxg8+ Kd7 40. Rh7+
Re7 41. Qe6+ 1-0

[Event "Cto de Aragon por Equipos D. Honor"]
[Site "?"]
[Date "2020.02.15"]
[Round "4.8"]
[White "Felez Casedas, Carlos"]
[Black "Adla, Diego"]
[Result "0-1"]
[WhiteElo "1971"]
[BlackElo "2440"]
[PlyCount "82"]
[EventDate "2020.01.25"]
[WhiteTeam "L'Aurora"]
[BlackTeam "St. Casablanca A"]

1. e4 c5 2. c4 Nc6 3. Nc3 g6 4. g3 Bg7 5. Bg2 d6 6. Nge2 h5 7. d3 h4 8. gxh4
Rxh4 9. Bf4 Bxc3+ 10. bxc3 Bh3 11. Bxh3 Rxh3 12. Bg3 Qd7 13. Nf4 Rh7 14. Qe2
O-O-O 15. O-O-O g5 16. Ng2 f5 17. exf5 Nh6 18. Ne3 Nxf5 19. Qg4 Nxe3 20. Qxd7+
Kxd7 21. fxe3 Rf8 22. Kd2 Rhf7 23. Ke2 Ne5 24. Rhg1 Nf3 25. Rg2 g4 26. Bf4 e5
27. Rxg4 Nxh2 28. Rg2 exf4 29. Rxh2 fxe3 30. Kxe3 Rf1 31. Rxf1 Rxf1 32. d4 Ra1
33. Rb2 Kc6 34. d5+ Kc7 35. Kd2 Rh1 36. Kd3 a6 37. Rg2 b5 38. cxb5 axb5 39.
Rg7+ Kb6 40. Rg6 c4+ 41. Kd4 Rd1+ 0-1

[Event "Cto de Aragon por Equipos D. Honor"]
[Site "?"]
[Date "2020.02.15"]
[Round "4.9"]
[White "Glavina, Pablo"]
[Black "Fuentes Espuna, Juan Antonio"]
[Result "1-0"]
[WhiteElo "2405"]
[BlackElo "1963"]
[PlyCount "67"]
[EventDate "2020.01.25"]
[WhiteTeam "St. Casablanca A"]
[BlackTeam "L'Aurora"]

1. d4 Nf6 2. c4 g6 3. Nc3 Bg7 4. e4 d6 5. Nf3 O-O 6. Be2 Nbd7 7. Qc2 c5 8. d5
Re8 9. O-O Nb6 10. a4 Bg4 11. a5 Bxf3 12. gxf3 Nbd7 13. a6 b6 14. Nb5 Nb8 15.
f4 Qc8 16. e5 dxe5 17. fxe5 Nfd7 18. f4 Nxa6 19. Bf3 Nb4 20. Qd1 a6 21. d6 Rb8
22. Na7 Qd8 23. Bd2 Nxe5 24. fxe5 exd6 25. Bxb4 Qg5+ 26. Kh1 cxb4 27. Nc6 Bxe5
28. Nxb8 Rxb8 29. Qc2 a5 30. Bd5 Rf8 31. Qf2 Kg7 32. Qxb6 f5 33. Rxa5 Qd2 34.
Qf2 1-0

[Event "Cto de Aragon por Equipos D. Honor"]
[Site "?"]
[Date "2020.02.15"]
[Round "4.10"]
[White "Pellicer Cemeli, Jose Luis"]
[Black "Chueca Lorente, Javier"]
[Result "1-0"]
[WhiteElo "1953"]
[BlackElo "2137"]
[PlyCount "83"]
[EventDate "2020.01.25"]
[WhiteTeam "L'Aurora"]
[BlackTeam "St. Casablanca A"]

1. Nf3 c5 2. e3 Nf6 3. b3 g6 4. Bb2 Bg7 5. c4 O-O 6. Be2 Nc6 7. O-O b6 8. d4
cxd4 9. Nxd4 Nxd4 10. Bxd4 Bb7 11. Bf3 Bxf3 12. Qxf3 Qc7 13. Nc3 Rac8 14. Bxf6
exf6 15. Rad1 Qc6 16. Nd5 Rfe8 17. Qf4 Re5 18. Qxe5 fxe5 19. Ne7+ Kf8 20. Nxc6
dxc6 21. Rd7 a5 22. Rfd1 Bf6 23. Rb7 Rd8 24. Rxd8+ Bxd8 25. e4 g5 26. Kf1 h5
27. Ke2 c5 28. Kd3 g4 29. f3 gxf3 30. gxf3 h4 31. Ke3 Bg5+ 32. Kf2 Kg7 33. Rxb6
Bd2 34. Kg2 f6 35. Kh3 Be1 36. Rb5 Kg6 37. Rxc5 Kg5 38. Rd5 a4 39. bxa4 Kf4 40.
Rd3 Bf2 41. a5 Be3 42. Rxe3 1-0

[Event "Cto de Aragon por Equipos D. Honor"]
[Site "?"]
[Date "2020.02.15"]
[Round "4.11"]
[White "Vela Frago, Alberto"]
[Black "Rodriguez Avellanas, Jose Manuel"]
[Result "1-0"]
[WhiteElo "2040"]
[BlackElo "1702"]
[PlyCount "102"]
[EventDate "2020.01.25"]
[WhiteTeam "St. Casablanca A"]
[BlackTeam "L'Aurora"]

1. c4 Nf6 2. Nc3 g6 3. e4 e5 4. Nf3 d6 5. d4 exd4 6. Nxd4 Bg7 7. Be2 O-O 8. O-O
Bd7 9. Be3 Nc6 10. Nc2 Qc8 11. f3 Re8 12. Qd2 Ne5 13. Rad1 Bc6 14. b4 b6 15.
Rfe1 a5 16. b5 Bb7 17. Bf2 Ned7 18. Ne3 Nc5 19. Bf1 Ncd7 20. h3 Nc5 21. Kh2 Qe6
22. Nc2 Ng4+ 23. hxg4 Qe5+ 24. Kg1 Qxc3 25. Bd4 Qxd2 26. Rxd2 Bxd4+ 27. Nxd4
Ne6 28. Kf2 Nxd4 29. Rxd4 Re7 30. g5 Rae8 31. Bd3 Kg7 32. Bc2 f5 33. gxf6+ Kxf6
34. f4 h6 35. Kf3 Kg7 36. Rd2 Rf8 37. Ke3 Bc8 38. g3 Rf5 39. Kd4 Rc5 40. Rf2
Bg4 41. Bd3 h5 42. Rh1 Rf7 43. Rhf1 Re7 44. a3 Bh3 45. Rh1 Bg4 46. Be2 Bc8 47.
Rg1 Bb7 48. Bf3 Kf6 49. e5+ dxe5+ 50. fxe5+ Rexe5 51. Bd5+ Kg5 1-0

[Event "Cto de Aragon por Equipos D. Honor"]
[Site "?"]
[Date "2020.02.15"]
[Round "4.12"]
[White "Gavin Roche, Enrique"]
[Black "Lopez Gracia, Fernando"]
[Result "1-0"]
[WhiteElo "2228"]
[BlackElo "2293"]
[PlyCount "77"]
[EventDate "2020.01.25"]
[WhiteTeam "ONCE C. A. Aragon"]
[BlackTeam "IberCaja"]

1. d4 d5 2. c4 e6 3. Nc3 a6 4. cxd5 exd5 5. Bf4 Nf6 6. e3 Bd6 7. Bxd6 Qxd6 8.
Bd3 O-O 9. h3 Re8 10. Nf3 Nc6 11. a3 Ne7 12. Qc2 g6 13. Na4 Bf5 14. Nc5 Bxd3
15. Qxd3 Rab8 16. O-O Nf5 17. b4 Ne4 18. Ne5 f6 19. Nxe4 dxe4 20. Qc4+ Kg7 21.
Qf7+ Kh8 22. Nd7 Rbd8 23. Qxf6+ Qxf6 24. Nxf6 Re6 25. Ng4 Nd6 26. Rac1 c6 27.
Ne5 Kg7 28. f4 exf3 29. Rxf3 a5 30. b5 cxb5 31. Rc7+ Kg8 32. Nf7 Rc8 33. Nh6+
Kh8 34. Rd7 b4 35. axb4 axb4 36. Rxd6 Rxd6 37. Nf7+ Kg8 38. Nxd6 Rc2 39. e4 1-0

[Event "Cto de Aragon por Equipos D. Honor"]
[Site "?"]
[Date "2020.02.15"]
[Round "4.13"]
[White "Moreno Gracia, Daniel"]
[Black "Laliena Solanes, Luis"]
[Result "1/2-1/2"]
[WhiteElo "2307"]
[BlackElo "2185"]
[PlyCount "52"]
[EventDate "2020.01.25"]
[WhiteTeam "IberCaja"]
[BlackTeam "ONCE C. A. Aragon"]

1. e4 c6 2. d4 d5 3. exd5 cxd5 4. c4 Nf6 5. Nc3 g6 6. cxd5 Bg7 7. Qb3 O-O 8.
Be2 Qb6 9. Qxb6 axb6 10. Bf4 Na6 11. d6 exd6 12. Nf3 Rd8 13. O-O Nc7 14. Nd2
Nfd5 15. Bg5 Re8 16. Nxd5 Nxd5 17. Bb5 Rf8 18. Nc4 Nc7 19. Nxd6 Nxb5 20. Nxb5
Ra5 21. a4 Bd7 22. b4 Rxa4 23. Rxa4 Bxb5 24. Ra7 Bxf1 25. Kxf1 Bxd4 26. Rxb7
Re8 1/2-1/2

[Event "Cto de Aragon por Equipos D. Honor"]
[Site "?"]
[Date "2020.02.15"]
[Round "4.14"]
[White "Cobo Garrido, Diego Israel"]
[Black "Villalba Embid, Marcos"]
[Result "1-0"]
[WhiteElo "2068"]
[BlackElo "2054"]
[PlyCount "63"]
[EventDate "2020.01.25"]
[WhiteTeam "ONCE C. A. Aragon"]
[BlackTeam "IberCaja"]

1. e4 c5 2. Nf3 d6 3. d4 cxd4 4. Nxd4 Nf6 5. Nc3 a6 6. Bc4 e6 7. Bb3 Nbd7 8.
O-O Nc5 9. Qe2 b5 10. Bg5 Bb7 11. Bd5 exd5 12. exd5+ Qe7 13. Qf3 O-O-O 14. Rfe1
Qd7 15. b4 Na4 16. Nxa4 bxa4 17. c4 h6 18. Bxf6 gxf6 19. Nc6 Re8 20. b5 a5 21.
Qc3 Be7 22. Qxa5 Bd8 23. Qxa4 Bb6 24. Qc2 Rhg8 25. Qd3 h5 26. a4 Rxe1+ 27. Rxe1
Bxc6 28. dxc6 Qg4 29. Qg3 Qxg3 30. hxg3 Kd8 31. a5 Bc5 32. b6 1-0

[Event "Cto de Aragon por Equipos D. Honor"]
[Site "?"]
[Date "2020.02.15"]
[Round "4.15"]
[White "Torcal Miguel, Oscar"]
[Black "Fuertes Garay, Javier"]
[Result "1-0"]
[WhiteElo "2046"]
[BlackElo "1987"]
[PlyCount "131"]
[EventDate "2020.01.25"]
[WhiteTeam "IberCaja"]
[BlackTeam "ONCE C. A. Aragon"]

1. c4 Nf6 2. Nc3 e5 3. g3 Nc6 4. Bg2 Bc5 5. d3 O-O 6. Nf3 Re8 7. Bg5 h6 8. Bxf6
Qxf6 9. O-O a6 10. Rb1 Qd8 11. Nd5 Nd4 12. b4 Bf8 13. e3 Nxf3+ 14. Bxf3 c6 15.
Nc3 d6 16. a4 Bf5 17. e4 Be6 18. Bg4 Qd7 19. Bxe6 Qxe6 20. b5 axb5 21. axb5 Ra3
22. Rb3 Rea8 23. Qc2 Be7 24. Rxa3 Rxa3 25. Qb2 Ra8 26. Ra1 Qc8 27. Ra3 Kh7 28.
Kg2 Qd8 29. Rxa8 Qxa8 30. Qa2 Qb8 31. Qa4 Qc7 32. Qa7 Bd8 33. bxc6 bxc6 34.
Qxc7 Bxc7 35. f4 f6 36. Kf3 Ba5 37. Na4 Kg6 38. c5 Bb4 39. cxd6 Bxd6 40. Nb6
Kf7 41. Nc4 Bc7 42. f5 h5 43. Kg2 g5 44. fxg6+ Kxg6 45. Ne3 Bb6 46. Nf5 Bc5 47.
Kf3 Bf8 48. g4 Kg5 49. h4+ Kg6 50. Ng3 hxg4+ 51. Kxg4 Bb4 52. h5+ Kg7 53. Kf5
Be1 54. Nf1 Bh4 55. Ne3 Kh6 56. Ng4+ Kg7 57. h6+ Kf7 58. h7 Kg7 59. Nxf6 Be1
60. Kxe5 Bc3+ 61. Ke6 Bd4 62. e5 Bc3 63. Kf5 Bb2 64. e6 Ba3 65. h8=Q+ Kxh8 66.
Kg6 1-0

[Event "Cto de Aragon por Equipos D. Honor"]
[Site "?"]
[Date "2020.02.15"]
[Round "4.16"]
[White "Garza Marco, Sergio"]
[Black "Cifuentes Parada, Roberto"]
[Result "1/2-1/2"]
[WhiteElo "2402"]
[BlackElo "2428"]
[PlyCount "88"]
[EventDate "2020.01.25"]
[WhiteTeam "Helios"]
[BlackTeam "Jaque"]

1. d4 d5 2. c4 c6 3. Nf3 Nf6 4. e3 e6 5. Bd3 Nbd7 6. b3 Bb4+ 7. Bd2 Qe7 8. O-O
O-O 9. Bxb4 Qxb4 10. Qc2 Qd6 11. Nc3 a6 12. e4 dxc4 13. Bxc4 e5 14. Rad1 exd4
15. Nxd4 Ng4 16. Nf3 Qe7 17. Be2 Re8 18. Nd4 Nf8 19. Na4 Ng6 20. Bxg4 Bxg4 21.
f3 Be6 22. Qc5 Qf6 23. Nxe6 Rxe6 24. Rd7 b5 25. Nc3 Ne5 26. Rd2 Rd8 27. Rxd8+
Qxd8 28. Rd1 Qg5 29. Qf2 Qe7 30. Qd4 g5 31. Qd8+ Kg7 32. Ne2 Qxd8 33. Rxd8 c5
34. Rd5 Kf6 35. Rxc5 Rd6 36. Rc2 Rd1+ 37. Kf2 Nd3+ 38. Ke3 Nb4 39. Rb2 Rd3+ 40.
Kf2 Rd8 41. Ke3 Rd3+ 42. Kf2 Rd8 43. Ke3 Rd3+ 44. Kf2 Rd1 1/2-1/2